00348nam a2200121Ia 4500008004100000041001200041082001500053100002600068245007100094260001000165440000900175650004200184240126s9999 xx 000 0 und d aEnglish aPRCS99-488 aAnil, K A Agni Ananda 0aManufacturing system database for office furniturebNitin V Pujari bPESIT aNULL aManufacturing system Office furniture